| 000 | 00582nam a22001937a 4500 | ||
|---|---|---|---|
| 003 | KOHA_MİRAKIL | ||
| 005 | 20240930101021.0 | ||
| 008 | 240929b2016 tu ||||| |||| 00| 0 tur d | ||
| 020 | _a9786051713748 | ||
| 040 |
_aTR-AnABB _btur _cTR-AnABB |
||
| 041 | _atur | ||
| 082 |
_a501 _bFEY 2016 |
||
| 100 |
_aFeynman, Richard P, _d1918-1988. |
||
| 245 | 0 |
_aHer şeyin anlamı : _byurttaş bilim insanının düşünceleri / _cRıchard P. Feynman. |
|
| 260 |
_aİstanbul : _bMelisa Matbaacılık, _c2016. |
||
| 300 |
_a79 sayfa ; _c21 cm. |
||
| 650 | _aBilim felsefesi | ||
| 942 |
_2ddc _cBK |
||
| 999 |
_c2379 _d2379 |
||